Statistics for Countries That Have the Most English Speakers

Click here to take the quiz!

General Stats

  • This quiz has been taken 200 times
  • The average score is 3 of 6

Answer Stats

Answer% Correct
India
86%
United States
79%
United Kingdom
73%
Pakistan
44%
Nigeria
40%
Philippines
19%

Score Distribution

Percentile by Number Answered

Percent of People with Each Score

Your Score History

You have not taken this quiz